000 00565nam a2200229Ia 4500
003 OSt
005 20220924142609.0
006 a|||||r|||| 00| 0
007 ta
008 ASM
024 _a302582
037 _cTextual
040 _aARTS
_cARTS
_bASM
041 _2ASM
_aASM
082 _aO158,8N28x, N4.3
100 _aGogoi Lila
_9213704
245 0 _aLila gogoi rachanavali tritiya khanda
260 _c1994
650 _aASSAMESE LITERATURE
_911738
942 _hO158,8N28x, N4.3
_cTEXL
_2CC
999 _c451272
_d451272